000 01525nam a2200217Ia 4500
003 Ost
005 20260507075651.0
008 260507s9999||||xx |||||||||||||| ||und||
040 _cfsecg
041 _aara
082 _a657.45
100 _aلطفي، أمين السيد أحمد
_eمؤلف
245 0 _aمسؤوليات وإجراءات المراجع في التقرير عن الغش والممارسات المحاسبية الخاطئة /
_c أمين السيد أحمد لطفي
260 _aالإسكندرية:
_bالدار الجامعية,
_c2005
300 _a404 صفحة؛
_bإيضاحات ؛
_c24 سم
504 _aمراجع ص.404
520 _aمسؤوليات واجراءات المراجع- طبيعة وصور الممارسات المحاسبية الخاطئة والغش- مراحل تطور دور واجراءات مراقبي الحسابات في التقرير عن الغش- مسؤوليات واجراءات المراجع الاخرى عن تقييم واكتشاف التصرفات غير القانونية وملائمة فرص استمرارية الشركة المسؤولية القانونية للمراجعين- تطوير دور واجراءات المراجع في التقرير عن الغش باستخدام نظم دعم القرار- مسؤوليات وإجراءات المراجع عن الغش والاخطاء في البيئة المصرية.
653 _aالإجراءات الإدارية
653 _aمراجعة الحسابات
942 _cكتاب
999 _c45601
_d45601